Our changing world : (Record no. 186921)

000 -LEADER
fixed length control field 00825 a2200181 4500
003 - CONTROL NUMBER IDENTIFIER
control field NUST
005 - DATE AND TIME OF LATEST TRANSACTION
control field 20230127183957.0
040 ## - CATALOGING SOURCE
Transcribing agency Nust
082 ## - DEWEY DECIMAL CLASSIFICATION NUMBER
Classification number 909,OLI
100 ## - MAIN ENTRY--PERSONAL NAME
Personal name Sobel , Robert
9 (RLIN) 107963
245 ## - TITLE STATEMENT
Title Our changing world :
Remainder of title Man, the world, and the social studies /
Statement of responsibility, etc. Robert Sobel & Carl Oliver
260 ## - PUBLICATION, DISTRIBUTION, ETC.
Place of publication, distribution, etc. Atlanta, Georgia
Name of publisher, distributor, etc. Laidlaw Brothers, Publishers
Date of publication, distribution, etc. 1969
300 ## - PHYSICAL DESCRIPTION
Extent 728 p.;
Other physical details illus
Dimensions digars
Accompanying material 24 cm
505 ## - FORMATTED CONTENTS NOTE
Formatted contents note The Earth and Man (Page-18), Regions of the World (Page-100), Man and his Environment (Page-258), Man Culture and Society (Page-372), the Role of Economics (Page-458), Political Science and Government (Page-554), Living in a World of Change (Page-652), Glossary of Social Science Terms (Page-707).
600 ## - SUBJECT ADDED ENTRY--PERSONAL NAME
Personal name Sobel , Robert
9 (RLIN) 107963
650 ## - SUBJECT ADDED ENTRY--TOPICAL TERM
Topical term or geographic name entry element World History
942 ## - ADDED ENTRY ELEMENTS (KOHA)
Source of classification or shelving scheme
Koha item type Book
Call number prefix 909,OLI
Holdings
Withdrawn status Lost status Source of classification or shelving scheme Damaged status Not for loan Permanent Location Current Location Shelving location Date acquired Full call number Barcode Date last seen Price effective from Koha item type Public note Total Checkouts
          Military College of Signals (MCS) Military College of Signals (MCS) General Stacks 12/12/2016 909,OLI MCS5661 12/08/2016 12/12/2016 Book Almirah No.58, Shelf No.3  
          Military College of Signals (MCS) Military College of Signals (MCS) General Stacks 03/30/2023 909,OLI MCS5662 03/30/2023 03/30/2023 Book Almirah No.75, Shelf No.4  
© 2023 Central Library, National University of Sciences and Technology. All Rights Reserved.